| 000 | 00427nam a22001571a 4500 | ||
|---|---|---|---|
| 020 | _a9788121506199 | ||
| 082 |
_a294.551 3 _bBBH/S |
||
| 100 |
_aB Bhattacharya _9145839 |
||
| 245 |
_aSaivism and the phallic world (v.1)/ _cby B Bhattacharya |
||
| 260 |
_aNew Delhi: _bMunshiram Manoharlal, _c1993. |
||
| 300 | _a548p. | ||
| 650 |
_aSaivism _9145840 |
||
| 650 |
_aHinduism _9145841 |
||
| 650 |
_aReligion _9145842 |
||
| 942 | _cBK | ||
| 999 |
_c39385 _d39385 |
||